Statistics for World War II Battleships of the Imperial Japanese Navy

Click here to take the quiz!

General Stats

  • This quiz has been taken 387 times
  • The average score is 9 of 12

Answer Stats

ClassFateAnswer% Correct
YamatoSunk during Operation Ten-Go; April 7, 1945Yamato
99%
KongoTorpedoed by submarine USS Sealion; November 21, 1944Kongo
90%
NagatoSunk in Operation Crossroads; July 1946Nagato
89%
FusoSunk at the Battle of the Surigao Strait; October 25, 1944Fuso
87%
IseScrappedIse
86%
YamatoSunk during Battle of the Sibuyan Sea; October 24, 1944Musashi
86%
KongoSunk in Naval Battle of Guadalcanal; November 15, 1942Kirishima
68%
KongoSunk in Naval Battle of Guadalcanal; November 13, 1942Hiei
63%
KongoSunk at Kure Naval Base; July 28, 1945. Later raised and scrappedHaruna
62%
NagatoSunk by internal explosion; June 8, 1943Mutsu
61%
FusoSunk at the Battle of the Surigao Strait; October 25, 1944Yamashiro
58%
IseScrappedHyuga
56%

Score Distribution

Percentile by Number Answered

Percent of People with Each Score

Your Score History

You have not taken this quiz